Catholic… or Protestant? - Statistics

General Stats
  • This quiz has been taken 1,265 times
  • The average score is 14 of 22
Answer Stats
Question Answer % Correct
The Pope Catholic
100%
Martin Luther Protestant
96%
Martin Luther King Jr. Protestant
90%
John F. Kennedy Catholic
86%
John Calvin Protestant
86%
Billy Graham Protestant
75%
Mel Gibson Catholic
71%
John Wesley Protestant
71%
John Bunyan Protestant
70%
MC Hammer Protestant
67%
J. R. R. Tolkien Catholic
65%
Oscar Wilde Catholic
63%
Stephen Colbert Catholic
62%
Chuck Norris Protestant
59%
Alec Guinness Catholic
57%
Kirk Cameron Protestant
57%
C. S. Lewis Protestant
55%
Thomas Becket Catholic
51%
Lord Baltimore Catholic
51%
Johann Sebastian Bach Protestant
44%
Hank Aaron Catholic
34%
Jeb Bush Catholic
25%
No matching quizzes found
Score Distribution
Percent of People with Each Score
Percentile by Number Answered
Your Score History
You have not taken this quiz